header

The Middle East and Palestine (Record no. 189344)

MARC details
000 -LEADER
fixed length control field 01233nam a2200325Ia 4500
082 04 - DEWEY DECIMAL CLASSIFICATION NUMBER
Classification number 956.05
245 04 - TITLE STATEMENT
Title The Middle East and Palestine
260 ## - PUBLICATION, DISTRIBUTION, ETC. (IMPRINT)
Place of publication New York :
Name of publisher Palgrave Macmillan,
Year of publication 2004.
300 ## - PHYSICAL DESCRIPTION
Number of Pages xii, 244 p.
650 #0 - SUBJECT ADDED ENTRY--TOPICAL TERM
Topical Term Arab-Israeli conflict
700 1# - ADDED ENTRY--PERSONAL NAME
Personal name Jung, Dietrich,
856 40 - ELECTRONIC LOCATION AND ACCESS
Uniform Resource Identifier http://site.ebrary.com/lib/rucke/Doc?id=10135747

No items available.

© 2026 Rongo University
Contact us: librarian | system librarian | Rongo university